000 01068cam a22003017a 4500
999 _c3
_d3
001 11820689
005 20190402141900.0
008 990517s1992 tu b f000 0 aze
010 _a 93954972
020 _a9751710278
035 _a(DLC) 93954972
040 _aDLC
_cDLC
042 _alcode
050 0 0 _aMLCMN 2000/00144
_aPL314
245 0 0 _aÇağdaş Azerbaycan şiiri antolojisi /
_chazırlayan, Zeynelâbidı̂n Makas.
246 1 4 _aAzerbaycan şiiri antolojisi
260 _aAnkara :
_bKültür Bakanlığı,
_c1992.
300 _a436 p. :
_bmap ;
_c24 cm.
490 1 _aKültür Bakanlığı yayınları ;
_v1397.
_aTürk dünyası edebiyatı dizisi ;
_v28
546 _aIn romanized Azerbaijani.
650 0 _aAzerbaijani poetry.
700 1 _aMakas, Zeynelâbidı̂n.
830 0 _aKültür Bakanlığı yayınları ;
_v1397.
830 0 _aKültür Bakanlığı yayınları.
_pTürk dünyası edebiyatı dizisi ;
_v28.
906 _a7
_bcbc
_corigode
_d4
_encip
_f19
_gy-gencatlg
942 _2lcc
_cBK